| Tag |
First Indicator |
Second Indicator |
Subfields |
| LEADER |
00000cas a2200000 a 4500 |
| 001 |
in00000075516 |
| 005 |
20151008053633.0 |
| 008 |
801118d19821982vaugr 0uuua0eng d |
| 010 |
|
|
|a sn 82020103
|
| 019 |
|
|
|a 9157551
|a 6967354
|
| 035 |
|
|
|a (OCoLC)06952922
|
| 035 |
|
|
|9 AAH8110AM
|
| 040 |
|
|
|a CLV
|c CLV
|d m.c.
|d IUL
|d NST
|d IXA
|d NST
|d IUL
|d NST
|d IUL
|d OCL
|d NST
|d OCL
|d NST
|d TXA
|d UtOrBLW
|
| 042 |
|
|
|a nst
|
| 049 |
|
|
|a TXAE
|
| 090 |
|
|
|a GV1007.A1
|b A44
|
| 245 |
0 |
0 |
|a NAGWS guide.
|p Badminton/squash/racquetball.
|
| 246 |
3 |
|
|a National Association for Girls & Women in Sport guide: badminton/squash/raquetball
|
| 246 |
0 |
8 |
|a NAGWS badminton/squash/racquetball
|
| 264 |
|
1 |
|a Reston, Va. :
|b American Alliance for Health, Physical Education, Recreation, and Dance,
|c 1980-1982.
|
| 300 |
|
|
|a volumes :
|b illustrations ;
|c 17 cm.
|
| 310 |
|
|
|a Biennial
|
| 336 |
|
|
|a text
|b txt
|2 rdacontent
|
| 337 |
|
|
|a unmediated
|b n
|2 rdamedia
|
| 338 |
|
|
|a volume
|b nc
|2 rdacarrier
|
| 362 |
0 |
|
|a 1980/82.
|
| 650 |
|
0 |
|a Badminton (Game)
|v Periodicals.
|
| 650 |
|
0 |
|a Squash (Game)
|v Periodicals.
|
| 650 |
|
0 |
|a Racquetball
|v Periodicals.
|
| 710 |
2 |
|
|a National Association for Girls & Women in Sport.
|
| 780 |
1 |
1 |
|t NAGWS guide. Tennis, badminton, squash
|w (OCoLC)3555391
|
| 999 |
|
|
|a MARS
|
| 999 |
f |
f |
|s 6c9ad1f9-28d8-3b3a-a12f-bf8a2fb730cc
|i 4ae01859-6f07-3e3b-ae50-c197fa0624d6
|t 0
|
| 952 |
f |
f |
|p ric
|a Texas A&M University
|b Rellis Campus
|c Joint Library Facility
|s JLF
|d Remote Storage
|t 0
|e GV1007.A1 A44
|h Library of Congress classification
|i unmediated -- volume
|l 1980/1982
|m A14808789273
|
| 998 |
f |
f |
|a GV1007.A1 A44
|s 1980/1982
|t 0
|l Remote Storage
|